书目信息 |
| 题名: |
建筑装饰制图与阴影透视
|
|
| 作者: | 焦雷 , 史瑞英 主编 | |
| 分册: | ||
| 出版信息: | 北京 清华大学出版社 2011.02 |
|
| 页数: | 257页 | |
| 开本: | 26cm | |
| 丛书名: | 全国高职高专建筑装饰专业规划教材 | |
| 单 册: | ||
| 中图分类: | TU238 , TU204 | |
| 科图分类: | ||
| 主题词: | 建筑装饰--jian zhu zhuang shi--建筑制图--高等职业教育--教材 , 建筑制图--jian zhu zhi tu--透视投影--高等职业教育--教材 | |
| 电子资源: | ||
| ISBN: | 978-7-302-24634-3 | |
| 000 | 01242nam 2200289 450 | |
| 001 | 1147061814 | |
| 005 | 20120406124913.53 | |
| 010 | @a978-7-302-24634-3@dCNY36.00@z7-302-24634-3 | |
| 100 | @a20110430d2011 em y0chiy50 ea | |
| 101 | 0 | @achi |
| 102 | @aCN@b110000 | |
| 105 | @aak a 000yy | |
| 200 | 1 | @a建筑装饰制图与阴影透视@Ajian zhu zhuang shi zhi tu yu yin ying tou shi@f焦雷, 史瑞英主编 |
| 210 | @a北京@c清华大学出版社@d2011.02 | |
| 215 | @a257页@c图@d26cm@e习题集1册 (19x26cm) | |
| 225 | 2 | @a全国高职高专建筑装饰专业规划教材@Aquan guo gao zhi gao zhuan jian zhu zhuang shi zhuan ye gui hua jiao cai |
| 320 | @a有书目 | |
| 330 | @a全书共分11章, 主要内容包括: 建筑装饰制图的基本知识、基本几何元素的投影及其投影规律、几何体的三视图、立体的投影、组合体视图、轴测投影图、建筑施工图的识读、转世施工图的识读、结构施工图的阅读、阴影的绘制、透视图的画法。 | |
| 410 | 0 | @12001 @a全国高职高专建筑装饰专业规划教材 |
| 606 | 0 | @a建筑装饰@Ajian zhu zhuang shi@x建筑制图@x高等职业教育@j教材 |
| 606 | 0 | @a建筑制图@Ajian zhu zhi tu@x透视投影@x高等职业教育@j教材 |
| 690 | @aTU238@v4 | |
| 690 | @aTU204@v4 | |
| 701 | 0 | @a焦雷@Ajiao lei@4主编 |
| 701 | 0 | @a史瑞英@Ashi rui ying@4主编 |
| 801 | 0 | @aCN@c20110430 |
| 905 | @dTU238@eJ668 | |
| 建筑装饰制图与阴影透视/焦雷, 史瑞英主编.-北京:清华大学出版社,2011.02 |
| 257页:图;26cm+习题集1册 (19x26cm).-(全国高职高专建筑装饰专业规划教材) |
| ISBN 978-7-302-24634-3:CNY36.00 |
| 全书共分11章, 主要内容包括: 建筑装饰制图的基本知识、基本几何元素的投影及其投影规律、几何体的三视图、立体的投影、组合体视图、轴测投影图、建筑施工图的识读、转世施工图的识读、结构施工图的阅读、阴影的绘制、透视图的画法。 |
| ● |
| 相关链接 |
|
|
|
正题名:建筑装饰制图与阴影透视
索取号:TU238/J668
 
预约/预借
| 序号 | 登录号 | 条形码 | 馆藏地/架位号 | 状态 | 备注 |
| 1 | 1222164 | 212221647 | 建筑库101/101建筑库 49排1列3层/ [索取号:TU238/J668] | 在馆 | |
| 2 | 1222165 | 212221656 | 建筑库101/101建筑库 49排1列3层/ [索取号:TU238/J668] | 在馆 | |
| 3 | 1222166 | 212221665 | 建筑库101/101建筑库 49排1列3层/ [索取号:TU238/J668] | 在馆 | |
| 4 | 485117 | 204851179 | 城院文库/ [索取号:TU238/J668] | 在馆 |